00425nam a22001697a 450000500170000000800410001702000180005804000290007605000230010510000180012824500280014625000130017426000270018730000080021465000140022270000190023620240221170437.0240212b |||||||| |||| 00| 0 eng d a9781292341132 cChuka University Library aHF 5415b.K68 2021 aKOTLER PHILIP aPRINCIPLES of MARKETING a18th ed. aLondonbPearson c2021 a728 aMarketing aArmstrong Gary